<?xml version="1.0" encoding="UTF-8"?>
<record
    xmlns:xsi="http://www.w3.org/2001/XMLSchema-instance"
    xsi:schemaLocation="http://www.loc.gov/MARC21/slim http://www.loc.gov/standards/marcxml/schema/MARC21slim.xsd"
    xmlns="http://www.loc.gov/MARC21/slim">

  <leader>02121nam a22003377i 4500</leader>
  <controlfield tag="003">DO-SdBNP</controlfield>
  <controlfield tag="005">20250623104303.0</controlfield>
  <controlfield tag="007">ta</controlfield>
  <controlfield tag="008">210414e2020    dr ||||er|||| 001 0 spa d</controlfield>
  <datafield tag="020" ind1=" " ind2=" ">
    <subfield code="a">9789945220322</subfield>
  </datafield>
  <datafield tag="040" ind1=" " ind2=" ">
    <subfield code="a">DO-SdBNP</subfield>
    <subfield code="b">spa</subfield>
    <subfield code="c">BNMPHU</subfield>
    <subfield code="e">rda</subfield>
  </datafield>
  <datafield tag="041" ind1=" " ind2=" ">
    <subfield code="h">spa</subfield>
  </datafield>
  <datafield tag="082" ind1=" " ind2="4">
    <subfield code="a">320.97293</subfield>
    <subfield code="b">M623d</subfield>
    <subfield code="2">22</subfield>
  </datafield>
  <datafield tag="100" ind1="1" ind2=" ">
    <subfield code="a">Mitchell, Crhistopher, </subfield>
    <subfield code="9">78385</subfield>
    <subfield code="d">1944-</subfield>
  </datafield>
  <datafield tag="245" ind1="1" ind2="0">
    <subfield code="a">Descentralizacion y partidos pol&#xED;ticos en la Rep&#xFA;blica Dominicana /</subfield>
    <subfield code="c">Christopher Mitchell</subfield>
  </datafield>
  <datafield tag="264" ind1=" " ind2=" ">
    <subfield code="a">Santo Domingo :</subfield>
    <subfield code="b">FLACSO-R&#xE9;publica Dominicana, </subfield>
    <subfield code="c">2020.</subfield>
  </datafield>
  <datafield tag="300" ind1=" " ind2=" ">
    <subfield code="a">208 p&#xE1;ginas </subfield>
    <subfield code="c">21 cm.</subfield>
  </datafield>
  <datafield tag="336" ind1=" " ind2=" ">
    <subfield code="2">rdacontent </subfield>
    <subfield code="a">texto</subfield>
    <subfield code="b">txt</subfield>
  </datafield>
  <datafield tag="337" ind1=" " ind2=" ">
    <subfield code="2">rdamedia</subfield>
    <subfield code="a">sin mediaci&#xF3;n</subfield>
    <subfield code="b">n</subfield>
  </datafield>
  <datafield tag="338" ind1=" " ind2=" ">
    <subfield code="2">rdacarrier</subfield>
    <subfield code="a">volumen</subfield>
    <subfield code="b">nc</subfield>
  </datafield>
  <datafield tag="500" ind1=" " ind2=" ">
    <subfield code="a">Incluye referencias bibliogr&#xE1;ficas y notas al pie de las p&#xE1;ginas </subfield>
  </datafield>
  <datafield tag="500" ind1=" " ind2=" ">
    <subfield code="a">Incluye datos biogr&#xE1;ficos del autor en la solapa de la cubierta</subfield>
  </datafield>
  <datafield tag="500" ind1=" " ind2=" ">
    <subfield code="a">Incluye &#xED;ndice de  nombres y materias</subfield>
  </datafield>
  <datafield tag="504" ind1=" " ind2=" ">
    <subfield code="a">Bibliograf&#xED;a : p.193-199</subfield>
  </datafield>
  <datafield tag="505" ind1="1" ind2=" ">
    <subfield code="a">&#xCD;ndice de tablas --</subfield>
    <subfield code="t">Lista de siglas --</subfield>
    <subfield code="t">Nota acerca de la edici&#xF3;n de FLACSO-RD </subfield>
    <subfield code="t">Agradecimientos --</subfield>
    <subfield code="t">Presentaci&#xF3;n --</subfield>
    <subfield code="g">Cap&#xED;tulo 1.</subfield>
    <subfield code="t">Introducci&#xF3;n --</subfield>
    <subfield code="g">Cap&#xED;tulo 2 .</subfield>
    <subfield code="t">Medidas e iniciativas favorables a la descentralizaci&#xF3;n, 1994-2008 --</subfield>
    <subfield code="g">Cap&#xED;tulo 3.</subfield>
    <subfield code="t">Las ra&#xED;ces profundas y las consecuencias locales del centralismo dominicano --</subfield>
    <subfield code="g">Cap&#xED;tulo 4. </subfield>
    <subfield code="t">Una coalici&#xF3;n municipalista adquiere influencia pol&#xED;tica --</subfield>
    <subfield code="g">Cap&#xED;tulo 5 .</subfield>
    <subfield code="t">Las alianzas partidarias, los municipios y la descentralizaci&#xF3;n --</subfield>
    <subfield code="g">Cap&#xED;tulo 6 . </subfield>
    <subfield code="t">La descentralizaci&#xF3;n dominicana se acerca a la madurez, 1996-2013 --</subfield>
    <subfield code="g">Cap&#xED;tulo 7 .</subfield>
    <subfield code="t">Resistencia y reacci&#xF3;n contra la descentralizaci&#xF3;n --</subfield>
    <subfield code="g">Cap&#xED;tulo 8 .</subfield>
    <subfield code="t">Evaluaci&#xF3;n de modelos alternativos para analizar la descentralizaci&#xF3;n dominicana.-</subfield>
    <subfield code="g">Cap&#xED;tulo 9 .</subfield>
    <subfield code="t">Unas estrategias municipalistas para el futuro --</subfield>
    <subfield code="t">Bibliograf&#xED;a -- </subfield>
    <subfield code="t">&#xCD;ndice de nombres y materias. </subfield>
  </datafield>
  <datafield tag="590" ind1=" " ind2=" ">
    <subfield code="a">Inventariado, 2021/MFF</subfield>
  </datafield>
  <datafield tag="650" ind1=" " ind2="4">
    <subfield code="a">Descentralizaci&#xF3;n administrativa</subfield>
    <subfield code="z">Rep&#xFA;blica Dominicana</subfield>
    <subfield code="9">3012</subfield>
  </datafield>
  <datafield tag="651" ind1=" " ind2="4">
    <subfield code="a">Rep&#xFA;blica Domnicana</subfield>
    <subfield code="x">Pol&#xED;tica y gobierno</subfield>
    <subfield code="y">Siglo XXI</subfield>
    <subfield code="9">78592</subfield>
  </datafield>
  <datafield tag="910" ind1=" " ind2=" ">
    <subfield code="a">Validado. Control de calidad MFF</subfield>
  </datafield>
  <datafield tag="942" ind1=" " ind2=" ">
    <subfield code="2">ddc</subfield>
    <subfield code="c">LBS1</subfield>
  </datafield>
  <datafield tag="952" ind1=" " ind2=" ">
    <subfield code="0">0</subfield>
    <subfield code="1">0</subfield>
    <subfield code="2">ddc</subfield>
    <subfield code="5">1</subfield>
    <subfield code="7">0</subfield>
    <subfield code="8">PD</subfield>
    <subfield code="a">BNPHU</subfield>
    <subfield code="b">BNPHU</subfield>
    <subfield code="c">HD</subfield>
    <subfield code="d">2021-03-26</subfield>
    <subfield code="e">Donaci&#xF3;n</subfield>
    <subfield code="o">BNPHU PD 320.97293 M681d</subfield>
    <subfield code="p">2021-1421</subfield>
    <subfield code="r">2021-04-14</subfield>
    <subfield code="w">2021-04-14</subfield>
    <subfield code="y">LBS1</subfield>
  </datafield>
  <datafield tag="952" ind1=" " ind2=" ">
    <subfield code="0">0</subfield>
    <subfield code="1">0</subfield>
    <subfield code="2">ddc</subfield>
    <subfield code="5">1</subfield>
    <subfield code="7">0</subfield>
    <subfield code="8">PD</subfield>
    <subfield code="a">BNPHU</subfield>
    <subfield code="b">BNPHU</subfield>
    <subfield code="c">HD</subfield>
    <subfield code="d">2021-03-26</subfield>
    <subfield code="e">Donaci&#xF3;n</subfield>
    <subfield code="o">BNPHU PD 320.97293 M681d</subfield>
    <subfield code="p">2021-1422</subfield>
    <subfield code="r">2021-04-15</subfield>
    <subfield code="t">e.2</subfield>
    <subfield code="w">2021-04-15</subfield>
    <subfield code="y">LBS1</subfield>
  </datafield>
  <datafield tag="952" ind1=" " ind2=" ">
    <subfield code="0">0</subfield>
    <subfield code="1">0</subfield>
    <subfield code="2">ddc</subfield>
    <subfield code="5">6</subfield>
    <subfield code="7">0</subfield>
    <subfield code="8">DS</subfield>
    <subfield code="a">BNPHU</subfield>
    <subfield code="b">BNPHU</subfield>
    <subfield code="c">HD</subfield>
    <subfield code="d">2021-03-26</subfield>
    <subfield code="e">Donaci&#xF3;n</subfield>
    <subfield code="o">BNPHU DS 320.97293 M681d</subfield>
    <subfield code="p">2021-1423</subfield>
    <subfield code="r">2021-04-15</subfield>
    <subfield code="t">e.3</subfield>
    <subfield code="w">2021-04-15</subfield>
    <subfield code="y">LBS1</subfield>
  </datafield>
  <datafield tag="952" ind1=" " ind2=" ">
    <subfield code="0">0</subfield>
    <subfield code="1">0</subfield>
    <subfield code="2">ddc</subfield>
    <subfield code="5">6</subfield>
    <subfield code="7">0</subfield>
    <subfield code="8">DS</subfield>
    <subfield code="a">BNPHU</subfield>
    <subfield code="b">BNPHU</subfield>
    <subfield code="c">HD</subfield>
    <subfield code="d">2023-01-10</subfield>
    <subfield code="e">Donaci&#xF3;n</subfield>
    <subfield code="o">BNPHU DS 320.97293 M681d</subfield>
    <subfield code="p">2023-0040</subfield>
    <subfield code="r">2023-01-10</subfield>
    <subfield code="t">e.4</subfield>
    <subfield code="w">2023-01-10</subfield>
    <subfield code="y">LBS1</subfield>
  </datafield>
  <datafield tag="952" ind1=" " ind2=" ">
    <subfield code="0">0</subfield>
    <subfield code="1">0</subfield>
    <subfield code="2">ddc</subfield>
    <subfield code="5">6</subfield>
    <subfield code="7">0</subfield>
    <subfield code="8">DS</subfield>
    <subfield code="a">BNPHU</subfield>
    <subfield code="b">BNPHU</subfield>
    <subfield code="c">HD</subfield>
    <subfield code="d">2023-01-10</subfield>
    <subfield code="e">Donaci&#xF3;n</subfield>
    <subfield code="o">BNPHU DS 320.97293 M681d</subfield>
    <subfield code="p">2023-0041</subfield>
    <subfield code="r">2023-01-10</subfield>
    <subfield code="t">e.5</subfield>
    <subfield code="w">2023-01-10</subfield>
    <subfield code="y">LBS1</subfield>
  </datafield>
  <datafield tag="999" ind1=" " ind2=" ">
    <subfield code="c">49733</subfield>
    <subfield code="d">49733</subfield>
  </datafield>
</record>
